000
00328nam a2200133Ia 4500
008
240624s9999 xx 000 0 und d
041
_a
eng
082
_a
668.54 OST
100
_a
OSTROM LIZZIE
245
_a
PERFUME A CENTURY OF SCENTS
260
_c
2016
_a
New York
_b
Pegasus Books
300
_a
374 p.; 23 cm.
365
_c
_b
33
999
_c
32367
_d
32367